| 000 | 00000nam##2200000za#4500 |
| 001 | 9.682576 |
| 003 | CaOODSP |
| 005 | 20210615133011 |
| 007 | ta |
| 008 | 150407|2004||||xxc||||| f|0| 0 fre|d |
| 020 | |a0-662-77562-7 |
| 040 | |aCaOODSP|bfre |
| 043 | |an-cn--- |
| 086 | 1 |aM144-52/2004F |
| 110 | 1 |aCanada.|bRessources naturelles Canada. |bOffice de l'efficacité énergétique. |
| 245 | 10|aAmélioration du rendement énergétique des fenêtres |
| 260 | |aOttawa - Ontario : |bRessources naturelles Canada. |c2004. |
| 300 | |a11p. : |bill. ; |c28 cm. |
| 520 | 3 |aPlus de 25 p. 100 des pertes totales de chaleur d’une maison proviennent des fenêtres. Vous trouverez dans cette brochure des solutions efficaces et à prix abordable pour améliorer l’efficacité énergétique des fenêtres de votre demeure. |
| 563 | |aCouverture souple |
| 590 | |a05-09|b2005-03-04 |
| 691 | 07|aRendement énergétique|2gcpds |
| 775 | 08|tImproving window energy efficiency |w(CaOODSP)9.649378 |
| 776 | 0#|tAmélioration du rendement énergétique des fenêtres |w(CaOODSP)9.631821 |